Spôsob úpravy amidov

Bibliographic Details
Corporate Author: DSM N.V. (Heerlen, Holandsko) (Patent holder)
Other Authors: Bosman, Hubertus Johannes Mechtilda, 1964- (Originator), Geem, Paul Christiaan van (Originator), Thomissen, Petrus Jozef Hubertus (Originator)
Format: Book
Language:Slovak
PhysicalDescription:4 strany 8°
Published: Banská Bystrica Úrad priemyselného vlastníctva SR 1996
Subjects:

MARC

LEADER 00000cam a2200000 a 4500
001 vtls001220791
003 SK-MaSNL
005 20260331203933.0
008 960412s1996 xo grj f00000 slo
035 |a SNK000165749 
040 |a SNK  |b slo  |c SNK  |e AACR2 
041 0 |a slo 
043 |a e-ne--- 
044 |a xo  |c SK 
072 7 |a 547  |x Organická chémia  |2 konspekt 
080 |a 661.717.5  |2 2011 
080 |a (088.83)  |2 2001 
100 1 |a Bosman, Hubertus Johannes Mechtilda,  |d 1964-  |4 org  |9 680247 
245 1 0 |a Spôsob úpravy amidov  |c Hubertus Johannes Machtilda Bosman, Paul Christiaan van Geem, Petrus Jozef Hubertus Thomissen 
260 |a Banská Bystrica  |b Úrad priemyselného vlastníctva SR  |c 1996 
300 |a 4 strany  |c 8° 
650 0 7 |a amidy  |2 SNKPH  |9 24337 
650 0 7 |a úprava amidov  |2 SNKPH  |9 680248 
655 7 |a patenty  |2 SNKPH  |9 177343 
700 1 |a Geem, Paul Christiaan van  |4 org  |9 680249 
700 1 |a Thomissen, Petrus Jozef Hubertus  |4 org  |9 680250 
710 2 |a DSM N.V. (Heerlen, Holandsko)  |4 pth  |9 680251 
999 |c 1054182  |d 1056112 
952 |t P60, <03>, [BOOK], {603}  |a SNK  |b SNK  |y PREZ  |7 0  |o snkSK 278256  |i snkPS 310/96  |0 0  |1 0  |4 0  |d 1996-09-20  |l 0  |r 2005-01-01 00:00:00  |w 2026-02-24